2024-25 College Football Playoff Teams - Statistics

General Stats
  • This quiz has been taken 662 times
  • The average score is 10 of 12
Answer Stats
Seed Team % Correct
8 Ohio State
98%
5 Texas
97%
1 Oregon
96%
2 Georgia
92%
6 Penn State
89%
7 Notre Dame
88%
3 Boise State
87%
4 Arizona State
85%
12 Clemson
81%
9 Tennessee
80%
11 SMU
79%
10 Indiana
74%
No matching quizzes found
Score Distribution
Percent of People with Each Score
Percentile by Number Answered
Your Score History
You have not taken this quiz